header

Eco-friendly management of phytonematodes (Record no. 84704)

MARC details
000 -LEADER
fixed length control field 01320nam a2200325 a 4500
245 00 - TITLE STATEMENT
Title Eco-friendly management of phytonematodes
260 ## - PUBLICATION, DISTRIBUTION, ETC. (IMPRINT)
Place of publication Jaipur :
Name of publisher Oxford Book Co.,
Year of publication 2007.
300 ## - PHYSICAL DESCRIPTION
Number of Pages 295 p. :
Other physical details ill.
650 #0 - SUBJECT ADDED ENTRY--TOPICAL TERM
Topical Term Plant nematodes
Topical Term Plant parasites
700 1# - ADDED ENTRY--PERSONAL NAME
Personal name Rajvanshi, Indira.
Personal name Sharma, G. L.
856 40 - ELECTRONIC LOCATION AND ACCESS
Uniform Resource Identifier http://site.ebrary.com/lib/rucke/Doc?id=10417673

No items available.

© 2026 Rongo University
Contact us: librarian | system librarian | Rongo university